| 000 | 01064nam2a22002411 4500 | ||
|---|---|---|---|
| 001 | rc\4199653 | ||
| 005 | 20250611131027.0 | ||
| 035 | _a(NLR Aleph) 008202105 | ||
| 090 |
_a8043444 _c8043444 |
||
| 100 | _a20130415d1947 |||y0rusy50 ca | ||
| 101 | 0 | _arus | |
| 102 | _aRU | ||
| 105 | _ay z ||||| | ||
| 200 | 0 |
_aТ. 1. Ч. 1-4 _eЧ. 1-4 |
|
| 210 |
_aМосква _cГослитиздат _d1947 _gОбразцовая тип. _gтип. М-121 [и др.] |
||
| 215 | _a576 с. | ||
| 461 | 0 |
_1001rc\4199652 _12001#$aАнна Каренина$eРоман в 8 частях$fРед. Н.К. Гудзия. Т. 1-2$vТ. 1. Ч. 1-4 _1700#1$aТолстой$bЛ. Н.$gЛев Николаевич$f1828-1910$3RU\NLR\AUTH\771515 _98043439 _aТолстой, Л. Н. (1828-1910) _cМосква _d1947 _fРед. Н.К. Гудзия. Т. 1-2 _nГослитиздат _oРоман в 8 частях _p2 т. _tАнна Каренина _vТ. 1. Ч. 1-4 |
|
| 801 | 0 |
_aRU _bNLR _gpsbo |
|
| 801 | 1 |
_aRU _bELAR _2rusmarc |
|
| 852 |
_aNLR _jЛ30 Г-1/710 |
||
| 942 | _cBOOK | ||
| 980 | _aNB | ||